| 000 | 01267nam a2200241Ia 4500 | ||
|---|---|---|---|
| 999 |
_c53255 _d53255 |
||
| 001 | 20296 | ||
| 003 | GE_BSU | ||
| 005 | 20200826223750.0 | ||
| 008 | 181216s1958||||ge |||||||||||||| ||geo|| | ||
| 040 | _cGE_BSU | ||
| 041 | _ageo | ||
| 080 | _a811.353.1'367(072) შ-20 | ||
| 100 |
_aშამელაშვილი, რაფიელ _99345 |
||
| 245 |
_aგანკერძოებული სიტყვები და გამოთქმები ქართულში და მათი სწავლების მეთოდიკა / _cრაფიელ შამელაშვილი ; რედ. მ. ჩინჩალაძე. |
||
| 264 |
_aთბილისი : _bცოდნა, _c1958. |
||
| 300 |
_a187გვ. ; _c23 სმ. |
||
| 541 | _h80თ. | ||
| 653 | _aგანკერძოებული სიტყვები და გამოთქმები ქართულში და მათი სწავლების მეთოდიკა | ||
| 653 | _aგანკერძოებული სიტყვები ქართულში | ||
| 653 | _aქართული ენა | ||
| 700 |
_aჩინჩალაძე, მ. _eრედაქტორი _97311 |
||
| 942 |
_cBK _2udc |
||